CS foundation course bulletin (Record no. 24196)

MARC details
000 -LEADER
fixed length control field 00709nam a22001817a 4500
005 - DATE AND TIME OF LATEST TRANSACTION
control field 20090223163133.0
008 - FIXED-LENGTH DATA ELEMENTS--GENERAL INFORMATION
fixed length control field 090124c xxu||||| |||| 00| 0 eng d
082 ## - DEWEY DECIMAL CLASSIFICATION NUMBER
Classification number 651.3741
245 ## - TITLE STATEMENT
Title CS foundation course bulletin
260 ## - PUBLICATION, DISTRIBUTION, ETC. (IMPRINT)
Place of publication, distribution, etc New Delhi
Name of publisher, distributor, etc Institute of Company Secretaries of India
Date of publication, distribution, etc 2008-
300 ## - PHYSICAL DESCRIPTION
Extent v.
Dimensions 26 cm
310 ## - CURRENT PUBLICATION FREQUENCY
Current publication frequency monthly
650 ## - SUBJECT ADDED ENTRY--TOPICAL TERM
Topical term or geographic name as entry element Company secretary
700 ## - ADDED ENTRY--PERSONAL NAME
Personal name Jain N. K.
270 ## - ADDRESS
Address ICSI House, 22, Institutional Area
City New Delhi
Country India
Postal code 110003
Telephone number 24617321-24
Fax number 24626727
Electronic mail address info@icsi.edu
942 ## - ADDED ENTRY ELEMENTS (KOHA)
Source of classification or shelving scheme Dewey Decimal Classification
Item type Periodicals
Classification part 651.3741
Call number suffix CSF
Serial record 1
Holdings
Withdrawn status Lost status Source of classification or shelving scheme Damaged status Not for loan Collection code Home library Current library Date acquired Total Checkouts Full call number Date last seen Price effective from Koha item type
    Dewey Decimal Classification   Not For Loan Non-fiction D.B.Act.Division D.B.Act.Division 23/02/2009   651.3741 CSF 23/02/2009 23/02/2009 Periodicals

© Delhi Public Library
Hit Counter
free hit counter